| 000 | 00382nam a22001457a 4500 | ||
|---|---|---|---|
| 008 | 250514b |||||||| |||| 00| 0 eng d | ||
| 020 | _a9781788826235 | ||
| 050 |
_aRM301.28 _b.B66 |
||
| 100 | _aBond, Leonard | ||
| 245 | _aPrinciples of Medical Chemistry | ||
| 260 |
_aUnited Kingdom _bED-Tech Press _c2021 |
||
| 300 |
_ax, 353p. _bill. |
||
| 650 | _aClinical Pharology | ||
| 942 | _cBK | ||
| 999 |
_c3504 _d3504 |
||